000 00696nam a2200241Ia 4500
005 20260430150259.0
008 008 250103s9999 xx 000 0 eng d
037 _aTheses
040 _aCRL
040 _beng
040 _ceng
041 _2eng
041 _aeng
084 _qCRL
100 _aSanjana Nee Mikki Au.; Sharma Sunil Gu.
_91237016
245 0 _aActivity Based Costiing and its Impact on Managerial Decision Making in Manufacturing and Service Industry
260 _c2022
300 _a194
650 _aManagement
700 _aUniversity of Delhi. Faculty of Management Studies. Deptt. of Management Studies
_91236312
942 _cTH
999 _c1849404
_d1849404